000 01020nam a22003137a 4500
003 CHAP
005 20220329140936.0
008 971013s1983 r 00010 d
010 _a60149
011 _a61121
035 _a65285
040 _cCHAP
090 _aFolleto 14666
100 0 0 _aRoberts, W. P.
_997945
245 _aPeach leaf-curl
260 _aOntario :
_bMinistry of Agriculture and Food,
_c1983
300 _a2 p.
490 _aCanadá. Ministry of Agriculture and Food. Factsheet
_v; 212
590 _aBATCH-UPD
_b10
_c20130110
_lUCH01
_h0433
590 _aBATCH-UPD
_b10
_c20130410
_lUCH01
_h0108
590 _aBATCH-UPD
_b10
_c20130914
_lUCH01
_h0831
590 _aCONVERSION
_b10
_c20130109
_lUCH01
_h1332
650 1 4 _aDurazno
_xEnfermedades.
_934594
830 0 _aCanadá. Ministry of Agriculture and Food. Factsheet
_v; 212
_918245
901 _aBK
942 _cFOLL
949 _aFolleto 14666
_bBC
_cFOLL
_d-145284
_eTS1
_i65285
_si
949 _aFolleto 14666
_bBC
_cFOLL
_d-145285
_eTS2
_fc.2
_i65285
_si
999 _c60149
_d60149